000 00440nam a2200157Ia 4500
008 090711s9999 xx 000 0 und d
082 _b68534
100 _aवांगीकर बी. पी.
245 _aवनशेती
300 _a124
600 _aवांगीकर बी. पी.
630 _aवनशेती
700 _aवांगीकर बी. पी.
730 _aवनशेती
942 _cBOOK
999 _c283789
_d283789